000 00472nam a2200169 a 4500
001 0000-8528
003 ELIB.Books
008 110520 2007
035 _a(ELIB.Books)0000-8673
082 _aM.Div
_bMar
100 _aMar Bwe Gyi, Saw
245 _aThe Twenty First Century Mission of Leading and Reaching out
260 _bInsein: Karen Baptist Theological Seminary
_c2007
650 _aThesis
942 _2ddc
_cBK
998 _cbat
_e2011-05-20
999 _c8528
_d8528